Nederlandse steden die je misschien weet - Statistieken

Algemene statistieken
  • Deze quiz is 163 keer genomen
  • De gemiddelde score is 35 van 55
Antwoordstatistieken
% Correct
Dit is de hoofdstad van Nederland A Amsterdam
100%
Deze stad heeft de grootste haven in heel Europa R Rotterdam
99%
Het Internationaal Gerechtshof zit hier D H Den Haag
98%
Deze stad heeft de voetal club PSV en het bedrijf Philips E Eindhoven
98%
Dit is de meest noordelijke provincie hoofdstad G Groningen
98%
Deze stad staat bekend om hun universiteit, Nijntje & de Domtoren U Utrecht
98%
Dit is de op 7 na grootste stad van het land en ligt in Noord Brabant T Tilburg
94%
Deze staat staat bekend om de '...se vierdaagse' N Nijmegen
93%
Dit is de grootste stad in Flevoland A Almere
92%
Dit de de hoofdstad van Noord Brabant D B Den Bosch
91%
Dit is de hoofdstad van Noord Holland H Haarlem
90%
Dit is de meest zuidelijke provincie hoofdstad M Maastricht
90%
Dit is de hoofdstad van Gelderland A Arnhem
89%
Dit is de hoofdstad van Flevoland L Lelystad
88%
Hier zit de Apenheul A Apeldoorn
87%
Hier komt Nederlands bekendste kaas vandaan G Gouda
86%
Dit is de hoofdstad van Zeeland M Middelburg
85%
Dit is de hoofdstad van Curaçao W Willemstad
84%
Als je in het centrum bent van deze stad ligt Texel maar 3km naar het noorden D H Den Helder
83%
Hier is het begin en het eind van de elfstedentocht L Leeuwarden
81%
Dit voormalig eiland word vaak beschouwd als het meest gehaatte dorp in Nederland U Urk
80%
Hier zijn onder andere de TV-studio's van BNNVARA, RTL & NOS gevestigd H Hilversum
77%
Deze stad heeft het meest bekende circuit van Nederland Z Zandvoort
77%
Hier ligt het TT-circuit A Assen
74%
Dit is misschien wel de meest stereotyperende Nederlandse stad Deze stad is bekend met klederdracht & Palingsound V Volendam
73%
Deze stad staat bekend om het Nieuwsjaarsvuur, stranden & de mosselman S Scheveningen
72%
Hier heb je de Efteling K Kaatsheuvel
71%
Dit is de op een na grootste stad in Friesland H Heerenveen
70%
Hier is de grootste kaasmarkt van de wereld A Alkmaar
68%
Dit is de geboorteplaats van Johannes Vermeer en Antoni van Leeuwenhoek Ze hebben hier ook een universiteit D Delft
67%
In dit dorp heb je het meest verwarrende stuk van de Nederland-België grens B N Baarle-Nassau
66%
In deze stad hebben ze de dierentuin 'Wildlands', het van Gogh huis & meerdere hunebedden E Emmen
65%
Dit is de grootste stad grenzend aan de Biesbosch D Dordrecht
62%
Deze stad is de grootste Nederlandse stad die deel uitmaakte van de Hanze Z Zwolle
62%
Dit dorp word ook wel 'het Venetië van Nederland' genoemd G Giethoorn
55%
Berend Botje wou naar deze Drentse stad varen Z Zuidlaren
54%
Hier komt de op een na meest bekende Nederlandse kaas vandaan E Edam
52%
Dit is de locatie van het kasteel: het Muiderslot M Muiden
50%
In deze stad ligt het hoogste puntje van het Nederlandse vasteland V Vaals
47%
Hier is de botanische tuin: het Keukenhof L Lisse
45%
Hier lag het grootste Nederlandse concentratie kamp tijdens de Tweede Wereld Oorlog W Westerbork
45%
Hier heb je de enige Plopsaland in heel Nederland C Coevorden
44%
Hier heb je de grootste aquatische dierentuin in Nederland H Harderwijk
42%
Dit is het grootste en enige dorp op Schiermonnikoog S Schiermonnikoog
41%
Dit is het grootste en enige dorp op Vlieland O V Oost-Vlieland
38%
Dit is de hoofdstad van Aruba O Oranjestad
34%
Dit is de grootste stad dat op een voormalig eiland lag qua inwoners in de voormalige Zuiderzee E Emmeloord
33%
Dit dorp staat bekend om de hoeveelheid windmolens hier staan K Kinderdijk
32%
Dit is het bekendste dorp uit de 'Bijbelgordel' S Staphorst
32%
Dit is de hoofdstad van Bonaire K Kralendijk
21%
Hier ligt het grootste hunebed van Nederland B Borger
16%
Dit is de hoofdstad van Saba T B The Bottom
13%
Dit is de hoofdstad van Sint-Eustatius O Oranjestad
12%
Dit is de hoofdstad van Sint-Maarten P Philipsburg
12%
Net buiten deze stad word de musical: de soldaat van Oranje, gespeelt in de: Theater Hangaar' V Valkenburg
12%
Geen overeenkomende quizzen gevonden
Scoreverdeling
Procent van Mensen met Elke Score
Percentiel versus Aantal Correcte Antwoorden
Uw Scoregeschiedenis
U heeft deze quiz nog niet genomen